Normal view MARC view
  • 1971 Fact and Fiction Views and perceptions in Pakistan, India and Bangladesh

Entry Topical Term

Number of records used in: 1

001 - CONTROL NUMBER

  • control field: 69536

003 - CONTROL NUMBER IDENTIFIER

  • control field: NUST

005 - DATE AND TIME OF LATEST TRANSACTION

  • control field: 20210628204240.0

008 - FIXED-LENGTH DATA ELEMENTS

  • fixed length control field: 210628|| aca||aabn | a|a d

040 ## - CATALOGING SOURCE

  • Original cataloging agency: NUST
  • Transcribing agency: NUST

150 ## - HEADING--TOPICAL TERM

  • Topical term or geographic name entry element: 1971 Fact and Fiction Views and perceptions in Pakistan, India and Bangladesh

670 ## - SOURCE DATA FOUND

  • Source citation: Work cat.: (NUST): Affrasiab 69535, 1971 fact and fiction views and perception pakistan india and bangladesh, 2016
© 2023 Central Library, National University of Sciences and Technology. All Rights Reserved.